Dầu hỏa miền Nam Việt Nam

Spremljeno u:
Bibliografski detalji
Glavni autor: Trần Kim Thạch
Format: Knjiga
Jezik:Undetermined
Izdano: Sài Gòn Lửa thiêng 1972
Teme:
Oznake: Dodaj oznaku
Bez oznaka, Budi prvi tko označuje ovaj zapis!
Thư viện lưu trữ: Trung tâm Học liệu Trường Đại học Cần Thơ
LEADER 00467nam a2200169Ia 4500
001 CTU_3415
008 210402s9999 xx 000 0 und d
082 |a 553.282 
082 |b Th102 
100 |a Trần Kim Thạch 
245 0 |a Dầu hỏa miền Nam Việt Nam 
245 0 |c Trần Kim Thạch 
260 |a Sài Gòn 
260 |b Lửa thiêng 
260 |c 1972 
650 |a petroleum 
980 |a Trung tâm Học liệu Trường Đại học Cần Thơ